Normal view
MARC view
Entry Personal Name
001 - CONTROL NUMBER
- control field: 1616640
003 - CONTROL NUMBER IDENTIFIER
- control field: NLI
005 - DATE AND TIME OF LATEST TRANSACTION
- control field: 20250429105110.0
008 - FIXED-LENGTH DATA ELEMENTS
- fixed length control field: 250429|| aca||aabn | a|a d
040 ## - CATALOGING SOURCE
- Original cataloging agency: NLI
- Transcribing agency: NLI
100 ## - HEADING--PERSONAL NAME
- Personal name: Singh, Amrita
670 ## - SOURCE DATA FOUND
- Source citation: Work cat.: (NLI)1665000: Singh, Amrita , Religion, culture and society , 2022
